00650nam a2200217Ia 4500003000400000005001700004008004100021020001500062040001800077041000800095082002200103100002100125245007300146250001200219260006600231300002800297650002800325650003100353650002800384700002000412OSt20250221085325.0210716s2002 xx 000 0 und d a8173665389 cAIMIT LIBRARY aeng a006.671 21bGABK aGabrick, Kurt A. aJava 2ee and xml development /cBy Kurt A Gabrick and David B Weiss. a1st ed. aMumbai.bShroff Publishers and Distributors Pvt Ltd ,c2002. axx,274p. ;bPBc23.4 cm aApplication development aUser interface development aApplication integration aWeiss, David B.